000 00538nam a2200169Ia 4500
008 090201s9999 xx 000 0 und d
010 _aKPL-55923
040 _bमराठी
041 _aमराठी
082 _a41839
_b55923
100 _aरविंद्र गावणकर
245 _aमी निशीगंधा
_cरविंद्र गावणकर
260 _c2004
_bआपलं प्रकाशन
300 _a144
_bमोठा
600 _aमी निशीगंधा
942 _cBOOK
999 _c239020
_d239020